| 000 | 00967 a2200229 4500 | ||
|---|---|---|---|
| 005 | 20260330124238.0 | ||
| 008 | 260330b |||||||| |||| 00| 0 eng d | ||
| 020 | _a9789355167811 (hbk) | ||
| 037 | _cTB | ||
| 040 |
_aAL _cAL |
||
| 041 |
_2hin _ahin |
||
| 084 |
_aY:45.49G 152R4 _qAL |
||
| 100 |
_aसिंह, जितेन्द्र _91113716 |
||
| 245 | _aदक्षिण एशिया में आतंकवाद के आयाम एवं प्रभाव | ||
| 260 |
_aनई दिल्ली, भारत: _bसुमित इंटेरप्राइजेज, _c2024. |
||
| 300 | _a158पृ. | ||
| 365 |
_b995.00 _cINR |
||
| 650 | _aसमाजशास्त्र | ||
| 650 |
_aआतंकवाद _91232042 |
||
| 942 |
_cTB _2CC _hY:45.49G 152R4 |
||
| 999 |
_c1678654 _d1678654 |
||